000 00565nam a2200217Ia 4500
003 OSt
005 20240809103247.0
008 210210b1995 xxu||||| |||| 00| 0 eng d
020 _a81 7201 884 3
040 _cAL
041 _aEng
082 _a809.88914 SAHR
100 _aSAHITYA AKADEMI.
_9176091
245 _aRasheed Ahmad Siddiqui: Makers of Indian literature
260 _aN D
_bSahitya Akademi
_c1995
300 _avi,68
690 _aIndian Literature
_9176092
700 _aSuleiman Akhtar Javed.
_9176093
906 _a053682
942 _2ddc
_cBK
999 _c101666
_d101666